00486nam a2200157 a 450000500170000000800410001705000170005810000180007524500460009326000410013944000210018065000060020165000060020799900190021395200960023220140414131924.0101026s19uu xx 00 eng d aERbSn6 1983 aCollins, Joan aThe snow queen /cretold by Joan Collins. aLoughborough, UK :bLadybird,c1983. aWell-loved tales a  a  c111899d111899 001040aMUbMUcERd2010-10-26l0oER Sn6 1983pM2818r2014-04-14 00:00:00w2014-04-14yBK